[Event "POL-ch U10"]
[Site "Sielpia"]
[Date "2023.03.07"]
[Round "5"]
[White "Ladon, Jeremi"]
[Black "Feseniuk, Pavlo"]
[Result "1/2-1/2"]
[WhiteElo "1013"]
[BlackElo "1276"]
[PlyCount "126"]
[EventDate "2023.03.04"]
[EventType "swiss"]
[EventRounds "9"]
[EventCountry "POL"]
[SourceTitle "EXT 2024"]
[Source "ChessBase"]
[SourceDate "2023.10.10"]
[SourceVersion "1"]
[SourceVersionDate "2023.10.10"]
[SourceQuality "1"]
[WhiteTeam "Poland"]
[BlackTeam "Poland"]
[WhiteTeamCountry "POL"]
[BlackTeamCountry "POL"]

1. e4 e5 2. Nf3 Nc6 3. d4 exd4 4. Bc4 Nf6 5. 0-0 Nxe4 6. Re1 d5 7. Bxd5 Qxd5 8. Nc3 Qa5 9. Nxe4 Be6 10. Neg5 0-0-0 11. Nxe6 fxe6 12. Rxe6 Bd6 13. Bg5 Rde8 14. Qe2 Ref8 15. Re1 h6 16. Bh4 g5 17. Bg3 Bxg3 18. hxg3 Qf5 19. Rxc6 bxc6 20. Qa6+ Kb8 21. Qxc6 Rf6 22. Qc4 Rd8 23. Re7 Rc8 24. Nxd4 Qxf2+ 25. Kh2 h5 26. Nc6+ Ka8 27. Qe4 Qf5 28. Qa4 Qc5 29. Qa6 Rff8 30. Re5 Qb6 31. Qa4 Rf1 32. Nd4 h4 33. Nf3 hxg3+ 34. Kh3 Rh8+ 35. Kg4 Rxf3 36. Qe4+ Kb8 37. Re8+ Rxe8 38. Qxe8+ Kb7 39. Qe4+ Ka6 40. Qa4+ Kb7 41. Kxf3 Qf2+ 42. Kg4 a6 43. Qe4+ Ka7 44. c3 Qxb2 45. Qd4+ Kb7 46. Qd5+ Ka7 47. Qc5+ Ka8 48. Qc6+ Kb8 49. Kxg3 Qxa2 50. Kg4 Qa5 51. g3 Qb6 52. Qe8+ Kb7 53. Qe4+ Qc6 54. Qb4+ Qb5 55. Qxb5+ axb5 56. Kxg5 c5 57. Kf4 b4 58. cxb4 cxb4 59. Ke3 Kc7 60. Kd3 Kd6 61. Kc4 Ke5 62. Kxb4 Kf5 63. g4+ Kxg4 1/2-1/2

[Event "POL-ch U10"]
[Site "Sielpia"]
[Date "2023.03.06"]
[Round "4"]
[White "Ladon, Jeremi"]
[Black "Bednarek, Jan"]
[Result "0-1"]
[WhiteElo "1013"]
[BlackElo "1174"]
[PlyCount "100"]
[EventDate "2023.03.04"]
[EventType "swiss"]
[EventRounds "9"]
[EventCountry "POL"]
[SourceTitle "EXT 2024"]
[Source "ChessBase"]
[SourceDate "2023.10.10"]
[SourceVersion "1"]
[SourceVersionDate "2023.10.10"]
[SourceQuality "1"]
[WhiteTeam "Poland"]
[BlackTeam "Poland"]
[WhiteTeamCountry "POL"]
[BlackTeamCountry "POL"]

1. e4 c5 2. Nc3 Nc6 3. Nf3 g6 4. d4 cxd4 5. Nxd4 Bg7 6. Be3 d6 7. h3 Nf6 8. Bc4 Qa5 9. 0-0 0-0 10. f4 Qb4 11. Bb3 Nxd4 12. Bxd4 Nxe4 13. Bxg7 Kxg7 14. Nd5 Qc5+ 15. Kh2 e6 16. Ne7 Bd7 17. g4 Rae8 18. Qd3 Nf6 19. g5 Nh5 20. Rae1 Rxe7 21. f5 gxf5 22. Qf3 Kg6 23. c4 Bc6 24. Qc3 e5 25. Qd3 e4 26. Qc3 Qe5+ 27. Qxe5 Rxe5 28. c5 Rxc5 29. Rd1 d5 30. Rd4 Ng7 31. h4 Ne6 32. Rd2 f4 33. Bc2 Kg7 34. h5 f6 35. h6+ Kf7 36. g6+ Kxg6 37. Rg2+ Kxh6 38. Rfg1 f3 39. Rg3 Rxc2+ 40. Kh1 Ng5 41. Rg4 Rxb2 42. a4 Ra2 43. a5 Rxa5 44. Rf4 e3 45. Re1 d4 46. Rh4+ Kg6 47. Rg4 f2+ 48. Kh2 fxe1Q 49. Re4 Nxe4 50. Kh3 Qg3# 0-1

[Event "POL-ch U10"]
[Site "Sielpia"]
[Date "2023.03.06"]
[Round "3"]
[White "Rabenda, Wojciech"]
[Black "Ladon, Jeremi"]
[Result "0-1"]
[WhiteElo "1181"]
[BlackElo "1013"]
[PlyCount "34"]
[EventDate "2023.03.04"]
[EventType "swiss"]
[EventRounds "9"]
[EventCountry "POL"]
[SourceTitle "EXT 2024"]
[Source "ChessBase"]
[SourceDate "2023.10.10"]
[SourceVersion "1"]
[SourceVersionDate "2023.10.10"]
[SourceQuality "1"]
[WhiteTeam "Poland"]
[BlackTeam "Poland"]
[WhiteTeamCountry "POL"]
[BlackTeamCountry "POL"]

1. e4 e5 2. Nf3 Nc6 3. Bc4 Bc5 4. c3 Nf6 5. d3 d6 6. 0-0 0-0 7. Re1 h6 8. Nbd2 Nh5 9. Nxe5 Qh4 10. g3 Bxf2+ 11. Kxf2 Qxh2+ 12. Ke3 Nxe5 13. Nf1 Qg1+ 14. Kd2 Bg4 15. Re2 Nf6 16. Kc2 Nxc4 17. dxc4 Nxe4 0-1